Odhad vlastností základného súboru

Príspevok je zameraný práve na inferenčnú štatistiku a najmä na nástroje pre odhad vlastností základného súboru, na základe analýzy vzoriek z tohto súboru. Prvá časť definuje pojmy týkajúce sa odhadovania a poskytuje akési poradenstvo pri výbere najvhodnejšieho nástroja. Ďalšie časti poskytujú metód...

Descrizione completa

Salvato in:
Dettagli Bibliografici
Autore principale: Bosáková, Lucia
Natura: Capitolo di libro
Lingua:slovacco
Soggetti:
Tags: Aggiungi Tag
Nessun Tag, puoi essere il primo ad aggiungerne!!

MARC

LEADER 00000nla$a2200000$$$4500
001 0115361
005 20240502072303.6
041 0 |a slo 
044 |a SK 
245 1 0 |a Odhad vlastností základného súboru  |c Lucia Bosáková 
520 |a Príspevok je zameraný práve na inferenčnú štatistiku a najmä na nástroje pre odhad vlastností základného súboru, na základe analýzy vzoriek z tohto súboru. Prvá časť definuje pojmy týkajúce sa odhadovania a poskytuje akési poradenstvo pri výbere najvhodnejšieho nástroja. Ďalšie časti poskytujú metódy pre odhad parametrov skupiny náhodných premenných, ktoré bežne vznikajú v oblasti vývoja produktov. 
610 2 0 |a súbory štatistické 
610 2 0 |a odhad štatistický 
100 1 |a Bosáková, Lucia